000 00919cam a22002771 4500
999 _c129109
_d129109
001 6144888
003 ARRUPE
005 20190305095432.0
008 771230s1967 fr b 000 0 fre
010 _a 67105878
035 _a(OCoLC)3525373
040 _aDLC
_cIC
_dDLC
042 _apremarc
050 0 0 _aBJ1499.S6
_bC4
082 _a248.2/72
100 1 _aCerteau, Michel de.
_93776
245 1 3 _aLa Solitude,
_bune vérité oubliée de la communication
_c[par] Michel de Certeau ... François Roustang ... [Réunion d'études diverses.]
260 _aParis,
_bDesclée, De Brouwer,
_c1967.
300 _a259 p.
_b20 cm.
490 0 _aCollection Christus, no. 25. Essais
504 _aBibliographical footnotes.
650 0 _aSolitude.
_935988
700 1 _aRoustang, François.
_944937
906 _a7
_bcbc
_coclcrpl
_du
_encip
_f19
_gy-gencatlg
942 _2lcc
_cMONOGRAPH